00258nam a22001097a 4500008004100000020002200041100001400063245003100077250000900108260002300117300000800140250830b |||||||| |||| 00| 0 eng d a978-93-903-9458-6 aJ R Evans aBusiness Analytics 3rd Ed. a3rd  aU PbPearsonc2024 a704